| 000 | 00920nmm a2200277 a 4500 | ||
|---|---|---|---|
| 001 | ocm000565536 | ||
| 003 | TR-IsHL | ||
| 005 | 20201028122207.0 | ||
| 008 | 131028s2008 tu tur | ||
| 007 | cr cn | ||
| 020 | _a9789944118361 | ||
| 035 |
_a565536 _b(N$T) |
||
| 050 | 0 | 4 |
_aPL248.K55 _bC3 2008 |
| 090 | 0 | 4 |
_aPL248.K55 _bC3 2008 |
| 100 | 1 | _aKılıç, Eyüphan | |
| 245 | 1 | 0 |
_aCanım Türkiyem _h[electronic resource] / _cEyüphan Kılıç |
| 250 | _a1. bs. | ||
| 260 |
_aİstanbul : _bBabıali Kültür Yayıncılığı, _c2008 |
||
| 300 | _a160 p. | ||
| 650 | 4 | _aDil ve Edebiyat | |
| 650 | 4 | _aLanguage and Literature | |
| 650 | 0 |
_aGazeteciler, Türk _x Anılar |
|
| 650 | 0 |
_aJournalists, Turkey _x Memories |
|
| 650 | 7 |
_aBIOGRAPHY & AUTOBIOGRAPHY / Editors, Journalists, Publishers _2bisacsh |
|
| 856 | 4 | 0 | _uhttp://search.ebscohost.com/login.aspx?direct=true&scope=site&db=e011xww&AN=565536 |
| 999 |
_c1738 _d1738 |
||